000 00346nam a2200145Ia 4500
003 OSt
005 20240328124220.0
008 170523s9999 xx 000 0 und d
020 _a 978-8126530908
040 _cIIMT UNIVERSITY MEERUT
100 _aNag- Debabrata
245 0 _aMechanical Vibrations
260 _aWiley India
942 _2ddc
_c02
999 _c12237
_d12237